000 00631nam a2200205 a 4500
001 000012550
005 20240530073914.0
008 091113s1998 dr 000 f spa d
040 _aDO-SdBNP
_bspa
_cBNPHU
082 _aRD863.44
_bM516v
100 1 _aMejía Avalo, Manolo
_929255
245 1 0 _aViaje sin destino /
_cManolo Mejía Avalo.
260 _aBaní :
_bMediabyte,
_c1998.
300 _a264 p. ;
_c21 cm.
500 _aIncluye breve biografía del autor en la contra cubierta
650 0 _aNovela dominicana
_9223
650 0 _aLiteratura dominicana.
_967
910 _aValidado. Control de calidad MFF
049 _aBNPD
999 _c12205
_d12205